Disability discrimination (Record no. 85410)
[ view plain ]
| 000 -LEADER | |
|---|---|
| fixed length control field | 01543cam a2200337 4500 |
| 001 - CONTROL NUMBER | |
| control field | J109250 |
| 008 - FIXED-LENGTH DATA ELEMENTS--GENERAL INFORMATION | |
| fixed length control field | 000000n2000 000 0 eng u |
| 035 ## - SYSTEM CONTROL NUMBER | |
| System control number | (Sirsi) u109250 |
| 041 ## - LANGUAGE CODE | |
| Language code of text/sound track or separate title | eng |
| 050 ## - LIBRARY OF CONGRESS CALL NUMBER | |
| Classification number | 346.41013 |
| -- | 18 |
| 100 ## - MAIN ENTRY--PERSONAL NAME | |
| Personal name | Land, Howard |
| 110 ## - MAIN ENTRY--CORPORATE NAME | |
| Corporate name or jurisdiction name as entry element | Royal Institution of Chartered Surveyors |
| 9 (RLIN) | 4900 |
| 245 ## - TITLE STATEMENT | |
| Title | Disability discrimination |
| Remainder of title | becoming an access consultant |
| Medium | [sound recording] |
| 260 ## - PUBLICATION, DISTRIBUTION, ETC. | |
| Place of publication, distribution, etc. | London |
| Name of publisher, distributor, etc. | RICS |
| Date of publication, distribution, etc. | 2000 |
| 300 ## - PHYSICAL DESCRIPTION | |
| Extent | 1 sound cassette (60 min.) |
| 350 ## - PRICE (NR) (BK AM CF MU VM SE) [OBSOLETE] | |
| Price | 15 |
| 490 ## - SERIES STATEMENT | |
| Series statement | Owlion Audio Programme |
| 520 ## - SUMMARY, ETC. | |
| Summary, etc. | Taking note that the access to service providers provisions of the Disability Discrimination Act 1995 come into force by 2004, the tape provides information on the historical background to the requirement for easy access to commercial property for everyone, the legal implications, business opportunities for chartered surveyors and other professionals, the National Register of Access Consultants operated by the Centre for Accessible Environments and the training necessary to qualify for status of access auditor and access consultant. |
| 650 ## - SUBJECT ADDED ENTRY--TOPICAL TERM | |
| Topical term or geographic name entry element | DISABILITY DISCRIMINATION ACT 1995 |
| 650 ## - SUBJECT ADDED ENTRY--TOPICAL TERM | |
| Topical term or geographic name entry element | ACCESS CONSULTANTS |
| 650 ## - SUBJECT ADDED ENTRY--TOPICAL TERM | |
| Topical term or geographic name entry element | BUSINESS PREMISES |
| 690 ## - LOCAL SUBJECT ADDED ENTRY--TOPICAL TERM (OCLC, RLIN) | |
| Topical term or geographic name as entry element | BUILT ENVIRONMENT-CONSTRUCTION DESIGN |
| 700 ## - ADDED ENTRY--PERSONAL NAME | |
| Personal name | Williams, Peter |
| 700 ## - ADDED ENTRY--PERSONAL NAME | |
| Personal name | Cullingworth, Richard |
| 700 ## - ADDED ENTRY--PERSONAL NAME | |
| Personal name | Frangos, M. |
| 700 ## - ADDED ENTRY--PERSONAL NAME | |
| Personal name | Noble, Mary |
| 700 ## - ADDED ENTRY--PERSONAL NAME | |
| Personal name | Range, Liz |
| 710 ## - ADDED ENTRY--CORPORATE NAME | |
| Corporate name or jurisdiction name as entry element | College of Estate Management |
| 9 (RLIN) | 400 |
| 710 ## - ADDED ENTRY--CORPORATE NAME | |
| Corporate name or jurisdiction name as entry element | Royal Institution of Chartered Surveyors |
| 9 (RLIN) | 4900 |
| 942 ## - ADDED ENTRY ELEMENTS (KOHA) | |
| Suppress in OPAC | 0 |
| Withdrawn status | Lost status | Source of classification or shelving scheme | Damaged status | Not for loan | Home library | Current library | Shelving location | Date acquired | Cost, normal purchase price | Total Checkouts | Full call number | Barcode | Date last seen | Date last checked out | Copy number | Cost, replacement price | Price effective from | Koha item type |
|---|---|---|---|---|---|---|---|---|---|---|---|---|---|---|---|---|---|---|
| Dewey Decimal Classification | London | London | Basement | 30/01/2001 | 14.10 | 22 | SHELF 330 | 30063318 | 06/08/2019 | 28/05/2004 | 1 | 14.10 | 06/08/2019 | Audio | ||||
| Dewey Decimal Classification | London | London | Basement | 04/08/2003 | 15.00 | 5 | SHELF 330 | 30067320 | 06/08/2019 | 28/11/2003 | 2 | 15.00 | 06/08/2019 | Audio |